000 01476nam a22003377a 4500
005 20100205095844.0
008 100205t xxu||||| |||| 00| 0 eng d
010 _aENG-95848
020 _a9780198063643
_c750.00
020 _a0198063644
_c750.00
035 _aEN-79381
037 _bDBAD/PUB
040 _aDPL
_bENG
082 _a339.470954
_222
245 _aTowards a history of consumption in South Asia /
_cedited by Douglas E.Haynes ... [et al]
260 _aNew Delhi
_bOxford University Press
_c2010
270 _aYMCA Library Building , Jai Singh Road
_bNew Delhi
_e110001
300 _ax, 297 p. :
_bill.
_c23 cm(Hb)
504 _aIncludes bibliographical references
520 _aContributed papers presented at a conference "Towards a history of consumption in South Asia" held at Pune in 2005 in Indian context.
650 _aConsumption (Economics)
_zIndia
_xHistory
_vCongresses.
650 _aMiddle class
_zIndia
_xEconomic conditions
_vCongresses.
650 _aCost and standard of living
_zIndia
_xHistory
_vCongresses.
700 _aHaynes, Douglas E.
700 _aMcGowan, Abigail
700 _aRoy, Tirthankar
700 _aYanagisawa, Haruka
942 _2ddc
_cEN
_h339.470954
_mTOW
999 _c33706
_d33706